AJ Styles's WrestleMania Opponents - Statistics

General Stats
  • This quiz has been taken 264 times
    103 since last reset
  • The average score is 9 of 10
Answer Stats
WrestleMania Opponent % Correct
WrestleMania 34 Shinsuke Nakamura
92%
WrestleMania 32 Chris Jericho
91%
WrestleMania 41 Logan Paul
91%
WresteMania 36 The Undertaker
91%
WrestleMania 33 Shane McMahon
88%
WrestleMania 35 Randy Orton
86%
WrestleMania 38 Edge
84%
WrestleMania 37* Kofi Kingston
81%
WrestleMania 37* Xavier Woods
81%
WrestleMania XL LA Knight
77%
No matching quizzes found
Score Distribution
Percent of People with Each Score
Percentile by Number Answered
Your Score History
You have not taken this quiz since the last reset